000 00521nam a22001817a 4500
005 20150929100251.0
008 150519b xxu||||| |||| 00| 0 eng d
041 0 _aeng
080 _a65.017
100 _aNewman, Aaron
245 _aEnterprise:
_cAaron C. Newman, Jeremy Thomas ; technical editor, Aaron Fulkerson.
260 _aNew York :
_bMcGraw-Hill,
_cc2009
300 _a406 f
_bme il.;
505 _aIncludes index.
650 0 _2Ndermarresia
700 1 _aNewman Aaron
942 _2udc
_cBK
999 _c831
_d831